| 000 | 00850nam0a22002411 4500 | ||
|---|---|---|---|
| 001 | rc\54170 | ||
| 005 | 20250620162538.0 | ||
| 035 | _a(NLR Aleph) 005331894 | ||
| 090 |
_a6600560 _c6600560 |
||
| 100 | _a20021216d1991 |||y0rusy50 ca | ||
| 101 | 0 | _arus | |
| 102 | _aRU | ||
| 105 | _aa ||||||||| | ||
| 200 | 1 |
_aНадземная фитомасса лесов и речной сток в Южном Сихотэ-Алине _fАН СССР. Дальневост. отд-ние. Биол.-почв. ин-т |
|
| 210 |
_aВладивосток _cДВО АН СССР _d1991 (1992) |
||
| 215 |
_a117 с. _cграф. _d20 |
||
| 320 | _aБиблиогр.: с. 105-116 | ||
| 700 | 1 |
_aОпритова _bР.В. _gРаиса Васильевна |
|
| 801 | 0 |
_aRU _bNLR _gpsbo |
|
| 801 | 1 |
_aRU _bELAR _2rusmarc |
|
| 852 |
_aNLR _j92-3/1780 |
||
| 942 | _cBOOK | ||
| 980 | _aNB | ||